| 000 | 00433nam a2200157Ia 4500 | ||
|---|---|---|---|
| 003 | GCL | ||
| 008 | 140319s9999 xx 000 0 eng d | ||
| 040 |
_aGCL / _cGCL |
||
| 082 | 0 | 4 |
_a327 _bR W |
| 100 | 1 | _aRUSSETT, BRUCE | |
| 245 | 1 | 0 |
_aWORLD POLITICS THE MENU FOR CHOICE / _cRUSSETT, BRUCE |
| 700 | 1 | _aSTARR, HARVEY | |
| 260 |
_a[S.N] : _bW. H.FREEMAN AND COMPANY ، _c1992 |
||
| 650 | 0 | 4 | _aINTERNATIONAL RELATIONS |
| 942 |
_2ddc _cBK |
||
| 999 |
_c15470 _d15470 |
||